|
|
|
|
| LEADER |
00000nab a2200000 a 4500 |
| 001 |
vtls000827859 |
| 003 |
SK-MaSNL |
| 005 |
20260426062932.0 |
| 008 |
180206c2001 xo 0 slo |
| 015 |
|
|
|a SNBRB2003/03-07825
|
| 035 |
|
|
|a CLN000179514
|
| 040 |
|
|
|a SNKBUCL
|b slo
|c SNKBUCL
|e AACR2
|
| 041 |
0 |
|
|a slo
|
| 044 |
|
|
|a xo
|c SK
|
| 080 |
|
|
|a 654:061.5(437.6)
|2 UDC-MRF-SK2
|
| 080 |
|
|
|a 614.844:061.5(437.6)
|2 UDC-MRF-SK2
|
| 080 |
|
|
|a 681.3.06:061.5(437.6)
|2 UDC-MRF-SK2
|
| 100 |
1 |
|
|a Ďurinová, Jana
|4 ain
|9 107612
|
| 245 |
1 |
0 |
|a Fleischhauer Bratislava, spol. s r.o.
|c Jana Ďurinová, Jozef Ruža
|
| 610 |
|
7 |
|a Fleischhauer Bratislava (Bratislava, Slovensko)
|2 snkbucl
|9 1282215
|
| 650 |
0 |
7 |
|a technika komunikačná
|2 snkbucl
|9 980585
|
| 650 |
0 |
7 |
|a zabezpečovacia technika
|2 snkbucl
|9 29322
|
| 650 |
0 |
7 |
|a požiarna technika
|2 snkbucl
|9 69222
|
| 650 |
0 |
7 |
|a výpočtová technika
|2 snkbucl
|9 1126
|
| 651 |
|
7 |
|a Bratislava (Slovensko)
|2 snkbucl
|9 14568
|
| 655 |
|
7 |
|a články z novín a časopisov
|2 snkbucl
|9 267496
|
| 700 |
1 |
|
|a Ruža, Jozef
|4 aut
|4 uin
|9 1283858
|
| 773 |
0 |
|
|x 1335-504X
|t Alarm magazín
|g Roč. 3, č. 4 (2001), s. 3 obál.
|
| 850 |
|
|
|a Slovenská národná knižnica v Martine
|
| 852 |
|
|
|a SNK
|b KIS3GCP
|
| 958 |
|
|
|a RBX
|
| 999 |
|
|
|c 2550983
|d 2552913
|